Land som har vunnet Eurovision - Statistics

General Stats
  • This quiz has been taken 345 times
  • The average score is 22 of 27
Answer Stats
År Land % Correct
1985, 1995, 2009 Norge
99%
1974, 1984, 1991, 1999, 2012, 2015, 2023 Sverige
99%
1963, 2000, 2013 Danmark
95%
2006 Finland
94%
1958, 1960, 1962 1969, 1977 Frankrike
94%
1964, 1990, 2021 Italia
92%
1968, 1969 Spania
92%
1982, 2010 Tyskland
92%
2008 Russland
91%
2017 Portugal
90%
1957, 1959, 1969, 1975, 2019 Nederland
89%
1970, 1980, 1987, 1992, 1993, 1994, 1996 Irland
88%
1956, 1988, 2024 Sveits
85%
2004, 2016, 2022 Ukraina
85%
1966, 2014 Østerrike
84%
1986 Belgia
83%
1967, 1969, 1976, 1981, 1997 Storbritannia
82%
2005 Hellas
81%
2002 Latvia
80%
2001 Estland
79%
1978, 1979, 1998, 2018 Israel
78%
1961, 1965, 1972, 1973, 1983 Luxembourg
69%
2007 Serbia
69%
2003 Tyrkia
65%
1971 Monaco
55%
2011 Aserbajdsjan
47%
1989 Jugoslavia
37%
No matching quizzes found
Score Distribution
Percent of People with Each Score
Percentile by Number Answered
Your Score History
You have not taken this quiz